000 00486nam a22001937a 4500
005 20260416112012.0
008 260416b |||||||| |||| 00| 0 eng d
020 _a9788190586863
_c395.00
040 _aMAIN
041 _aEnglish
082 _a005.8
_bSAI
100 _aSaini, Shewta
_926613
245 _aHuman Computer Interaction
260 _aDelhi
_bA.B. Publication
_c2023
300 _a228
650 _aComputer Science
700 _aShaheen, Uzma
_926614
942 _cBK
999 _c60619
_d60619